000 00334nam a22001457a 4500
999 _c12235
_d12235
020 _a978-8172311711
082 _a972.3
100 _aImam Muhammad Bin Ismail Bukhari RA
245 _aSahih Bukhari
250 _aVol-1
260 _aLahore
_bMaktab-a-Islamia
300 _a607
650 _aIslamic Publication
942 _cBK